[Event "Open Praha 2018 - A"]
[Site "Praha (CZE)"]
[Date "2018.01.12"]
[Round "1"]
[White "Kulkarni, Bhakti"]
[Black "Kellner, Petr"]
[Result "1-0"]
[WhiteElo "2306"]
[BlackElo "1977"]
[PlyCount "43"]
[EventDate "2018.01.12"]

1. e4 e6 2. Nf3 d5 3. e5 c5 4. b4 cxb4 5. d4 Nc6 6. a3 Bd7 7. axb4 Bxb4+ 8. c3
Be7 9. Bd3 Na5 10. O-O b5 11. Nfd2 h5 12. f4 g6 13. Qc2 Nh6 14. Ba3 Nc4 15.
Nxc4 bxc4 16. Bxg6 fxg6 17. Qxg6+ Kf8 18. f5 Nxf5 19. Rxf5+ exf5 20. Qf6+ Kg8
21. Bxe7 Qb6 22. Qxb6 1-0

[Event "Open Praha 2018 - A"]
[Site "Praha (CZE)"]
[Date "2018.01.12"]
[Round "1"]
[White "Lee, Jun Hyeok"]
[Black "De Vent, Rens"]
[Result "1-0"]
[WhiteElo "2305"]
[BlackElo "1974"]
[PlyCount "94"]
[EventDate "2018.01.12"]

1. Nf3 Nf6 2. g3 g6 3. b3 Bg7 4. Bb2 O-O 5. Bg2 d6 6. d4 d5 7. O-O a5 8. c4 c6
9. Nc3 Qb6 10. Rc1 Bf5 11. Ba3 Re8 12. Nh4 Be6 13. cxd5 Nxd5 14. Nxd5 cxd5 15.
Bc5 Qd8 16. Nf3 Na6 17. Ba3 h6 18. Qd2 Nb4 19. Ne5 Qb6 20. e3 Rac8 21. Bxb4
Qxb4 22. Qxb4 axb4 23. Nd3 Bf5 24. Nxb4 e6 25. Bf3 Bf8 26. a3 Ra8 27. g4 Rxa3
28. Nxd5 exd5 29. gxf5 Rd8 30. fxg6 fxg6 31. Rc3 Bb4 32. Rc7 Rxb3 33. Rxb7 Rb2
34. Rb5 Kg7 35. Rxd5 Rf8 36. Rd7+ Kh8 37. Be4 Rf6 38. Rb7 Bc3 39. Rc1 Rxb7 40.
Bxb7 Bb2 41. Rc7 Ba3 42. e4 Rd6 43. Bd5 Bb2 44. Rc8+ Kg7 45. Kf1 g5 46. Ke2 h5
47. h3 Kf6 1-0

[Event "Open Praha 2018 - A"]
[Site "Praha (CZE)"]
[Date "2018.01.12"]
[Round "1"]
[White "Hurtak, Otto"]
[Black "Claridge-Hansen, William"]
[Result "0-1"]
[WhiteElo "1956"]
[BlackElo "2304"]
[PlyCount "68"]
[EventDate "2018.01.12"]

1. d4 Nf6 2. c4 e6 3. Nc3 Bb4 4. e3 O-O 5. Nge2 d5 6. a3 Bd6 7. cxd5 exd5 8.
Ng3 Re8 9. Bd3 a6 10. O-O b6 11. Bd2 Bb7 12. Nf5 Bf8 13. f4 g6 14. Nh4 Ne4 15.
Nf3 c5 16. Ne5 f6 17. Ng4 h5 18. Nf2 cxd4 19. exd4 f5 20. Bxe4 dxe4 21. Qb3+
Kg7 22. Be3 Nd7 23. Rfd1 b5 24. Nh3 Be7 25. Ng5 Bxg5 26. fxg5 Nb6 27. d5 Nc4
28. Ne2 Kh7 29. d6 Re6 30. a4 Rxd6 31. Rxd6 Qxd6 32. axb5 Qd3 33. Ra3 Qxe2 34.
Bf2 e3 0-1

[Event "Open Praha 2018 - A"]
[Site "Praha (CZE)"]
[Date "2018.01.12"]
[Round "1"]
[White "Ratsma, Rosa"]
[Black "Nass, Sara"]
[Result "1-0"]
[WhiteElo "2287"]
[BlackElo "1950"]
[PlyCount "21"]
[EventDate "2018.01.12"]

1. e4 c6 2. Nc3 d5 3. Nf3 dxe4 4. Nxe4 Bf5 5. Ng3 Bg6 6. h4 h6 7. Ne5 Bh7 8.
Qh5 g6 9. Qf3 Nf6 10. Qb3 Qd5 11. Qxb7 1-0

[Event "Open Praha 2018 - A"]
[Site "Praha (CZE)"]
[Date "2018.01.12"]
[Round "1"]
[White "Ananya, Rishi Gupta"]
[Black "Certek, Pavel"]
[Result "0-1"]
[WhiteElo "1945"]
[BlackElo "2286"]
[PlyCount "60"]
[EventDate "2018.01.12"]

1. e4 c5 2. c3 d5 3. exd5 Qxd5 4. d4 cxd4 5. cxd4 Nc6 6. Nf3 e5 7. dxe5 Qxd1+
8. Kxd1 Bg4 9. Be2 O-O-O+ 10. Ke1 Bxf3 11. Bxf3 Nxe5 12. Be4 Nf6 13. Bf5+ Kb8
14. Bf4 Bd6 15. Nc3 Nf3+ 16. gxf3 Bxf4 17. Rd1 Rhe8+ 18. Kf1 Rxd1+ 19. Nxd1 Bd2
20. Bd3 Nd5 21. Be4 Nf4 22. Ne3 g6 23. Ng2 f5 24. Bb1 Nh3 25. Nh4 Re1+ 26. Kg2
Nf4+ 27. Kg3 Rxh1 28. Bc2 Rg1+ 29. Ng2 Rxg2+ 30. Kh4 g5# 0-1

[Event "Open Praha 2018 - A"]
[Site "Praha (CZE)"]
[Date "2018.01.12"]
[Round "1"]
[White "Hainke, Guntram"]
[Black "Khandhar, Kaushal"]
[Result "1-0"]
[WhiteElo "2283"]
[BlackElo "1945"]
[PlyCount "63"]
[EventDate "2018.01.12"]

1. d4 d5 2. c4 c6 3. Nf3 Nf6 4. e3 a6 5. Bd3 e6 6. b3 b5 7. O-O Bd6 8. Ba3 O-O
9. Bxd6 Qxd6 10. Nc3 Nbd7 11. Rc1 Rd8 12. e4 bxc4 13. e5 Qa3 14. exf6 cxd3 15.
fxg7 a5 16. Re1 Ba6 17. Qd2 Kxg7 18. Na4 h6 19. Ne5 Nxe5 20. Rxe5 Bb5 21. Nc5
a4 22. bxa4 Bxa4 23. Rce1 Bb5 24. Nxe6+ fxe6 25. Rxe6 Rh8 26. Re7+ Kg8 27. Qf4
Rh7 28. Re8+ Rxe8 29. Rxe8+ Kg7 30. Qg4+ Kf6 31. Re6+ Kf7 32. Qg6+ 1-0

[Event "Open Praha 2018 - A"]
[Site "Praha (CZE)"]
[Date "2018.01.12"]
[Round "1"]
[White "Lee, Qing Aun"]
[Black "Pavlicek, Petr"]
[Result "1-0"]
[WhiteElo "2277"]
[BlackElo "1941"]
[PlyCount "57"]
[EventDate "2018.01.12"]

1. e4 e6 2. d4 d5 3. Nd2 dxe4 4. Nxe4 Bd7 5. Nf3 Bc6 6. Bd3 Nd7 7. O-O Ngf6 8.
Qe2 Be7 9. c4 O-O 10. Nc3 Bxf3 11. Qxf3 c6 12. Bf4 Qa5 13. Rfe1 Qh5 14. Qe3 Ng4
15. Qe2 Bg5 16. Bg3 Bh4 17. Bxh4 Qxh4 18. h3 Ngf6 19. Rad1 Rfe8 20. Qc2 e5 21.
d5 Nc5 22. Bf1 cxd5 23. cxd5 Rac8 24. d6 Ncd7 25. Bb5 a6 26. Bxd7 Nxd7 27. Qb3
b5 28. Nd5 Nc5 29. Qe3 1-0

[Event "Open Praha 2018 - B"]
[Site "Praha (CZE)"]
[Date "2018.01.12"]
[Round "1"]
[White "Marjanovic, Gyorgy"]
[Black "Shehzad, Alisha"]
[Result "1-0"]
[WhiteElo "2026"]
[BlackElo "1594"]
[PlyCount "65"]
[EventDate "2018.01.12"]

1. e4 c5 2. Nf3 e6 3. d4 cxd4 4. Nxd4 Nc6 5. Nc3 a6 6. Be3 Qc7 7. Qd2 Nf6 8. f3
Be7 9. O-O-O b5 10. Kb1 Bb7 11. g4 Rc8 12. h4 b4 13. Na4 Qa5 14. b3 Qc7 15. h5
Nxd4 16. Bxd4 e5 17. Bb6 Qc6 18. g5 Ng8 19. Bc4 Rb8 20. Bc5 a5 21. Bd5 Qc7 22.
Bb6 Qc8 23. Ba7 Bxd5 24. Bxb8 Qxb8 25. Qxd5 Qc7 26. Nb6 d6 27. Nc4 h6 28. g6
fxg6 29. hxg6 Nf6 30. Qe6 Kd8 31. Nxe5 Nd7 32. Nf7+ Kc8 33. Nxh8 1-0

[Event "Open Praha 2018 - B"]
[Site "Praha (CZE)"]
[Date "2018.01.12"]
[Round "1"]
[White "Kral, Jiri"]
[Black "Prudnikov, Andrey"]
[Result "0-1"]
[WhiteElo "1592"]
[BlackElo "2022"]
[PlyCount "51"]
[EventDate "2018.01.12"]

1. e4 c5 2. Nf3 Nf6 3. e5 Nd5 4. Nc3 e6 5. Nxd5 exd5 6. c3 d6 7. Bb5+ Nc6 8.
Qe2 Be7 9. d4 O-O 10. O-O Bg4 11. exd6 Bxd6 12. dxc5 Bxc5 13. Bf4 Qf6 14. Bg3
a6 15. Ba4 b5 16. Bc2 g6 17. Qd3 d4 18. Bh4 Qd6 19. cxd4 Nxd4 20. Nxd4 Qxd4 21.
Qxd4 Bxd4 22. Rab1 Be2 23. Rfe1 Rfe8 24. Bd1 Bd3 25. Bf3 Bxb1 26. Rxb1 0-1

[Event "Open Praha 2018 - B"]
[Site "Praha (CZE)"]
[Date "2018.01.12"]
[Round "1"]
[White "Marinc, Damir"]
[Black "Raondi, Yan-Martin"]
[Result "1-0"]
[WhiteElo "1964"]
[BlackElo "1578"]
[PlyCount "39"]
[EventDate "2018.01.12"]

1. d4 d5 2. Nf3 Nf6 3. Bg5 Nbd7 4. Nbd2 e6 5. e3 c5 6. c3 Be7 7. Bd3 O-O 8. O-O
Re8 9. e4 Nh5 10. Bxe7 Qxe7 11. Ne5 Nhf6 12. f4 Nf8 13. Rf3 Ng6 14. Rh3 Nf8 15.
Qf3 Bd7 16. g4 cxd4 17. exd5 Rec8 18. g5 Ne8 19. Bxh7+ Nxh7 20. Qh5 1-0

[Event "Open Praha 2018 - B"]
[Site "Praha (CZE)"]
[Date "2018.01.12"]
[Round "1"]
[White "Frimanslund, Berge"]
[Black "Palka, Miroslav"]
[Result "0-1"]
[WhiteElo "1559"]
[BlackElo "1934"]
[PlyCount "47"]
[EventDate "2018.01.12"]

1. d4 d5 2. f4 g6 3. Nf3 Bg7 4. e3 Nf6 5. Bd3 O-O 6. O-O c5 7. c3 b6 8. Nbd2
Bb7 9. Ne5 Nbd7 10. Ndf3 Ne4 11. Ng5 Nxe5 12. fxe5 Nxg5 13. h4 Ne4 14. Rf3 f5
15. c4 e6 16. b3 Qxh4 17. Rh3 Qf2+ 18. Kh2 cxd4 19. Bxe4 Bxe5+ 20. Kh1 fxe4 21.
Ba3 Rf7 22. exd4 Qxd4 23. Rb1 Qxd1+ 24. Rxd1 0-1

[Event "Open Praha 2018 - B"]
[Site "Praha (CZE)"]
[Date "2018.01.12"]
[Round "1"]
[White "Dindera, Jaroslav"]
[Black "Kronowetter, Borivoj"]
[Result "1/2-1/2"]
[WhiteElo "1547"]
[BlackElo "1882"]
[PlyCount "35"]
[EventDate "2018.01.12"]

1. e4 c5 2. Nf3 a6 3. d4 cxd4 4. Nxd4 Nf6 5. Nc3 e5 6. Nf3 Bb4 7. Bg5 d6 8.
Bxf6 Qxf6 9. Qd2 h6 10. a3 Bxc3 11. Qxc3 O-O 12. Bc4 Qg6 13. O-O-O b5 14. Bd5
Ra7 15. Kb1 Be6 16. Bxe6 Qxe6 17. Nh4 g6 18. Qd3 1/2-1/2

[Event "Open Praha 2018 - B"]
[Site "Praha (CZE)"]
[Date "2018.01.12"]
[Round "1"]
[White "Sadzikowski, Marian"]
[Black "Zacek, Petr"]
[Result "1-0"]
[WhiteElo "1880"]
[BlackElo "1544"]
[PlyCount "41"]
[EventDate "2018.01.12"]

1. e4 c5 2. f4 d6 3. Bb5+ Bd7 4. Bxd7+ Qxd7 5. Nf3 g6 6. O-O Bg7 7. d3 Nf6 8.
c3 O-O 9. Qe1 Qc7 10. Na3 a6 11. Nc2 Nc6 12. Ne3 e6 13. Qh4 Rad8 14. g4 b5 15.
g5 Nd7 16. f5 Nce5 17. f6 Bh8 18. Nxe5 Nxe5 19. d4 cxd4 20. cxd4 Nc6 21. Qh6
1-0

[Event "Open Praha 2018 - B"]
[Site "Praha (CZE)"]
[Date "2018.01.12"]
[Round "1"]
[White "Levinsky, Ladislav"]
[Black "Kylar, Miroslav"]
[Result "0-1"]
[WhiteElo "1535"]
[BlackElo "1877"]
[PlyCount "66"]
[EventDate "2018.01.12"]

1. Nf3 c6 2. d4 d6 3. Bf4 Nd7 4. e3 h6 5. h4 Ngf6 6. Nbd2 Qa5 7. c3 Nh5 8. Bh2
Ndf6 9. Bd3 Ng4 10. Nc4 Qc7 11. Ncd2 Nxh2 12. Nxh2 g6 13. Qc2 Nf6 14. e4 Nh5
15. g3 e5 16. Be2 Nf6 17. f4 exd4 18. cxd4 h5 19. Nc4 d5 20. Nd2 dxe4 21. Nxe4
Bb4+ 22. Nc3 Bf5 23. Qb3 Qe7 24. Kf2 O-O-O 25. a3 Ba5 26. Rhd1 Rhe8 27. Bf3
Qe3+ 28. Kg2 Ne4 29. Bxe4 Bxe4+ 30. Kf1 Qxg3 31. Rd2 Bd3+ 32. Rxd3 Qxd3+ 33.
Kg2 Re2+ 0-1

[Event "Open Praha 2018 - A"]
[Site "?"]
[Date "2018.01.13"]
[Round "2"]
[White "Kiriakov, Petr"]
[Black "Kareva, Natalia"]
[Result "1/2-1/2"]
[BlackElo "2207"]
[WhiteElo "2528"]
[LiveChessVersion "1.4.8"]

1. d4 {[%clk 1:30:56]} Nf6 {[%clk 1:30:24]} 2. c4 {[%clk 1:31:19]} e6
{[%clk 1:30:50]} 3. Nc3 {[%clk 1:31:24]} Bb4 {[%clk 1:29:57]} 4. Qb3
{[%clk 1:30:18]} c5 {[%clk 1:25:40]} 5. dxc5 {[%clk 1:30:25]} Qa5
{[%clk 1:23:58]} 6. Bd2 {[%clk 1:26:40]} Qxc5 {[%clk 1:20:14]} 7. e3
{[%clk 1:17:35]} d5 {[%clk 1:15:54]} 8. a3 {[%clk 1:12:24]} Ba5 {[%clk 1:13:55]}
9. cxd5 {[%clk 1:09:11]} Nxd5 10. Qb5+ {[%clk 0:44:15]} Qxb5 {[%clk 1:12:32]} 11.
Bxb5+ {[%clk 0:44:36]} Bd7 {[%clk 1:12:24]} 12. Bxd7+ {[%clk 0:44:34]} Kxd7
{[%clk 1:10:59]} 13. Nxd5 {[%clk 0:37:07]} Bxd2+ {[%clk 1:11:22]} 14. Kxd2
{[%clk 0:37:33]} exd5 {[%clk 1:11:45]} 15. Nf3 {[%clk 0:37:48]} Nc6
{[%clk 1:11:48]} 16. Rac1 {[%clk 0:32:29]} Rac8 {[%clk 1:08:19]} 17. Rc5
{[%clk 0:27:08]} Ne7 {[%clk 0:58:28]} 18. Rhc1 {[%clk 0:21:52]} f6
{[%clk 0:54:22]} 19. Nd4 {[%clk 0:20:30]} Rxc5 {[%clk 0:54:15]} 20. Rxc5
{[%clk 0:20:52]} Rc8 {[%clk 0:54:31]} 21. Rb5 {[%clk 0:19:45]} b6
{[%clk 0:53:04]} 22. h4 {[%clk 0:17:33]} Rc5 {[%clk 0:49:12]} 23. Rb4
{[%clk 0:16:25]} Nc8 {[%clk 0:45:14]} 24. Nb3 {[%clk 0:14:14]} Rc7
{[%clk 0:37:58]} 25. Rd4 {[%clk 0:08:57]} Ke6 {[%clk 0:38:00]} 26. Rg4
{[%clk 0:08:55]} f5 {[%clk 0:35:01]} 27. Nd4+ {[%clk 0:05:43]} Ke5
{[%clk 0:32:50]} 28. Rf4 {[%clk 0:03:38]} Nd6 {[%clk 0:33:01]} 29. b3
{[%clk 0:02:50]} Ne4+ {[%clk 0:32:44]} 30. Ke2 {[%clk 0:02:53]} g6
{[%clk 0:31:22]} 31. g4 {[%clk 0:03:08]} Nd6 {[%clk 0:15:49]} 32. gxf5
{[%clk 0:02:54]} gxf5 {[%clk 0:15:39]} 33. Nf3+ {[%clk 0:02:42]} Kf6
{[%clk 0:15:44]} 34. Kd1 {[%clk 0:01:05]} Rg7 {[%clk 0:13:42]} 35. Rd4
{[%clk 0:01:11]} Ne4 {[%clk 0:13:48]} 36. Ke1 {[%clk 0:01:03]} Rc7
{[%clk 0:10:44]} 37. Rxd5 {[%clk 0:00:48]} Rc1+ {[%clk 0:11:05]} 38. Rd1
{[%clk 0:01:03]} Rxd1+ {[%clk 0:11:30]} 39. Kxd1 1/2-1/2

[Event "Open Praha 2018 - A"]
[Site "?"]
[Date "2018.01.13"]
[Round "2"]
[White "Monin, Nikolay"]
[Black "Stefansson, Hannes"]
[Result "0-1"]
[BlackElo "2523"]
[WhiteElo "2193"]
[LiveChessVersion "1.4.8"]

1. Nf3 {[%clk 1:26:21]} Nf6 {[%clk 1:30:35]} 2. c4 {[%clk 1:26:32]} b6
{[%clk 1:30:44]} 3. g3 {[%clk 1:26:45]} Bb7 {[%clk 1:30:55]} 4. Bg2
{[%clk 1:26:54]} g6 {[%clk 1:30:48]} 5. O-O {[%clk 1:27:05]} Bg7 {[%clk 1:31:03]}
6. d4 {[%clk 1:27:07]} O-O {[%clk 1:31:19]} 7. Nc3 {[%clk 1:27:03]} Ne4
{[%clk 1:31:23]} 8. Nxe4 {[%clk 1:26:58]} Bxe4 {[%clk 1:31:40]} 9. Be3
{[%clk 1:27:09]} d5 {[%clk 1:29:56]} 10. Rc1 {[%clk 1:22:21]} Nc6
{[%clk 1:29:34]} 11. Qd2 {[%clk 1:17:48]} Na5 {[%clk 1:27:46]} 12. cxd5
{[%clk 1:13:50]} Bxd5 {[%clk 1:26:49]} 13. b3 {[%clk 1:10:42]} Rc8 14. Bh6
{[%clk 0:57:17]} Qd6 {[%clk 1:17:55]} 15. Bxg7 {[%clk 0:53:48]} Kxg7
{[%clk 1:18:21]} 16. Rc3 {[%clk 0:52:12]} Bxf3 {[%clk 1:16:54]} 17. Bxf3 c5
{[%clk 1:17:02]} 18. Rfc1 {[%clk 0:44:52]} e5 {[%clk 1:10:31]} 19. b4
{[%clk 0:41:34]} Qxd4 {[%clk 1:10:35]} 20. Qxd4 {[%clk 0:41:00]} exd4
{[%clk 1:10:59]} 21. R3c2 {[%clk 0:41:03]} Nc6 {[%clk 1:11:09]} 22. bxc5
{[%clk 0:40:40]} d3 {[%clk 1:11:03]} 23. Rd2 {[%clk 0:36:15]} Ne5
{[%clk 1:11:04]} 24. Kg2 {[%clk 0:22:33]} Nxf3 {[%clk 1:07:46]} 25. Kxf3
{[%clk 0:22:41]} dxe2 {[%clk 1:07:57]} 26. Rxe2 {[%clk 0:18:55]} Rc6
{[%clk 1:08:02]} 27. Re7 {[%clk 0:14:39]} a6 {[%clk 1:06:04]} 28. Ke4
{[%clk 0:08:46]} Rfc8 {[%clk 1:04:31]} 29. Rb1 {[%clk 0:08:10]} b5
{[%clk 1:03:40]} 30. Ra7 {[%clk 0:07:38]} Rf6 {[%clk 1:03:27]} 31. Rc1
{[%clk 0:06:47]} Re8+ {[%clk 1:03:18]} 32. Kd4 {[%clk 0:06:25]} Rd8+
{[%clk 1:03:24]} 33. Ke3 {[%clk 0:06:27]} Re6+ {[%clk 1:03:10]} 34. Kf3
{[%clk 0:06:29]} Rd3+ {[%clk 1:02:50]} 35. Kg2 {[%clk 0:06:15]} Rc6
{[%clk 1:00:01]} 36. Rc2 {[%clk 0:06:05]} Rd4 {[%clk 0:59:46]} 37. Kf3
{[%clk 0:02:06]} Rc4 {[%clk 0:59:45]} 38. Rxc4 {[%clk 0:02:11]} bxc4
{[%clk 1:00:11]} 39. Ke2 {[%clk 0:02:15]} c3 {[%clk 1:00:22]} 40. Kd1
{[%clk 0:02:16]} Rxc5 {[%clk 1:00:25]} 41. Rxa6 {[%clk 0:02:17]} Rd5+
{[%clk 1:00:47]} 42. Kc2 {[%clk 0:01:33]} Rd2+ {[%clk 1:01:05]} 43. Kxc3
{[%clk 0:01:37]} Rxf2 {[%clk 1:01:30]} 44. a4 {[%clk 0:01:03]} Rxh2
{[%clk 1:01:51]} 45. Rd6 {[%clk 0:28:55]} h5 {[%clk 1:26:48]} 46. a5
{[%clk 0:27:19]} g5 {[%clk 1:24:21]} 47. Rd2 {[%clk 0:24:23]} Rh3
{[%clk 1:22:50]} 48. Rd3 {[%clk 0:23:32]} h4 {[%clk 1:21:06]} 49. gxh4
{[%clk 0:18:53]} Rxh4 {[%clk 1:21:22]} 50. Rd4 {[%clk 0:18:31]} Rh3+
{[%clk 1:20:18]} 51. Kb2 {[%clk 0:14:38]} Rh8 {[%clk 1:19:26]} 52. a6
{[%clk 0:14:18]} f5 {[%clk 1:19:22]} 53. a7 {[%clk 0:13:51]} g4 {[%clk 1:18:39]}
54. Ra4 {[%clk 0:08:48]} g3 {[%clk 1:17:57]} 55. Kc3 {[%clk 0:08:49]} g2
{[%clk 1:17:55]} 56. Ra1 {[%clk 0:09:06]} f4 {[%clk 1:16:49]} 57. Kd3
{[%clk 0:09:08]} Re8 {[%clk 1:16:45]} 58. Rg1 {[%clk 0:05:03]} f3
{[%clk 1:17:05]} 59. a8=Q {[%clk 0:05:20]} Rxa8 {[%clk 1:17:30]} 60. Ke3
{[%clk 0:05:46]} Ra3+ {[%clk 1:17:32]} 61. Kf2 {[%clk 0:06:05]} Kf6
{[%clk 1:17:15]} 62. Rb1 {[%clk 0:04:21]} Rd3 {[%clk 1:17:27]} 63. Ra1
{[%clk 0:01:51]} Ke5 {[%clk 1:17:34]} 64. Ra5+ {[%clk 0:01:40]} Ke4
{[%clk 1:17:42]} 65. Ra4+ {[%clk 0:01:50]} Rd4 {[%clk 1:17:57]} 66. Ra1
{[%clk 0:01:57]} Rd2+ {[%clk 1:18:00]} 67. Kg1 {[%clk 0:00:35]} Ke3
{[%clk 1:18:09]} 68. Re1+ {[%clk 0:00:48]} Kf4 {[%clk 1:18:15]} 0-1

[Event "Open Praha 2018 - A"]
[Site "?"]
[Date "2018.01.13"]
[Round "2"]
[White "Pena Gomez, Manuel"]
[Black "Makoveev, Ilia"]
[Result "1/2-1/2"]
[BlackElo "2196"]
[WhiteElo "2491"]
[LiveChessVersion "1.4.8"]

1. e4 {[%clk 1:21:00]} c5 {[%clk 1:30:35]} 2. Nf3 {[%clk 1:21:21]} d6
{[%clk 1:30:46]} 3. Bb5+ {[%clk 1:21:43]} Nd7 {[%clk 1:30:58]} 4. O-O
{[%clk 1:22:04]} a6 {[%clk 1:30:45]} 5. Bd3 {[%clk 1:22:25]} Ngf6
{[%clk 1:30:23]} 6. Re1 {[%clk 1:22:42]} b5 {[%clk 1:23:11]} 7. c4
{[%clk 1:23:04]} Ne5 {[%clk 1:09:43]} 8. Nxe5 {[%clk 1:19:50]} dxe5
{[%clk 1:10:12]} 9. Bf1 b4 {[%clk 1:06:50]} 10. a3 {[%clk 1:12:57]} e6
{[%clk 1:04:20]} 11. d3 {[%clk 1:11:46]} Bb7 {[%clk 1:01:37]} 12. Be3
{[%clk 1:10:34]} a5 {[%clk 0:59:20]} 13. Nd2 {[%clk 1:10:34]} Bd6 14. Qa4+
{[%clk 1:01:34]} Ke7 {[%clk 0:50:25]} 15. Qd1 {[%clk 1:00:20]} Qc7
{[%clk 0:49:53]} 16. Qf3 {[%clk 0:57:25]} h6 {[%clk 0:43:45]} 17. h4
{[%clk 0:56:00]} Rhg8 {[%clk 0:32:04]} 18. g4 {[%clk 0:49:38]} Nd7
{[%clk 0:29:09]} 19. Qh3 {[%clk 0:45:33]} Raf8 {[%clk 0:08:50]} 20. axb4
{[%clk 0:39:56]} axb4 {[%clk 0:08:56]} 21. Nb3 {[%clk 0:39:38]} f5
{[%clk 0:07:03]} 22. f3 {[%clk 0:39:15]} f4 {[%clk 0:04:35]} 23. Bf2
{[%clk 0:39:32]} g6 {[%clk 0:04:59]} 24. Be2 {[%clk 0:38:12]} Ra8
{[%clk 0:05:08]} 25. Qf1 Qb6 {[%clk 0:03:14]} 26. Kg2 {[%clk 0:31:00]} Bc6
{[%clk 0:02:23]} 27. Rxa8 {[%clk 0:29:46]} Rxa8 {[%clk 0:02:47]} 28. Ra1
{[%clk 0:30:08]} Ra7 {[%clk 0:01:57]} 29. Qb1 {[%clk 0:28:43]} Ra6
{[%clk 0:00:52]} 30. Qg1 {[%clk 0:26:31]} Ra7 {[%clk 0:00:52]} 31. Qb1
{[%clk 0:22:52]} Ra6 {[%clk 0:01:17]} 32. Bd1 {[%clk 0:23:17]} Qa7
{[%clk 0:00:53]} 33. Rxa6 {[%clk 0:23:19]} Qxa6 {[%clk 0:01:22]} 34. Bc2
{[%clk 0:23:40]} Qa7 {[%clk 0:00:50]} 35. Kf1 {[%clk 0:23:51]} Kd8
{[%clk 0:00:53]} 36. Ke2 {[%clk 0:23:51]} Kc7 {[%clk 0:01:04]} 37. Kd2
{[%clk 0:22:37]} Qa6 {[%clk 0:01:00]} 38. Qg1 {[%clk 0:22:18]} Qa7
{[%clk 0:01:17]} 39. Kc1 {[%clk 0:22:30]} Be7 {[%clk 0:01:04]} 40. g5
{[%clk 0:22:32]} h5 {[%clk 0:01:30]} 41. Kb1 {[%clk 0:20:32]} Ba4
{[%clk 0:01:25]} 42. Nc1 {[%clk 0:08:49]} Bxc2+ {[%clk 0:29:03]} 43. Kxc2
{[%clk 0:38:48]} Qa1 {[%clk 0:29:17]} 44. Nb3 {[%clk 0:32:50]} Qxg1
{[%clk 0:28:58]} 45. Bxg1 {[%clk 0:33:18]} Kb6 {[%clk 0:28:58]} 46. Nc1
{[%clk 0:31:06]} Kc6 {[%clk 0:29:03]} 47. Kb3 {[%clk 0:31:26]} Bd6
{[%clk 0:28:25]} 48. Bf2 {[%clk 0:31:40]} Bc7 {[%clk 0:28:05]} 49. Be1
{[%clk 0:31:55]} Kb6 {[%clk 0:19:08]} 50. Ka4 {[%clk 0:31:18]} Bd6
{[%clk 0:18:54]} 51. Bd2 {[%clk 0:30:27]} Nb8 {[%clk 0:18:50]} 52. Be1
{[%clk 0:28:02]} Nc6 {[%clk 0:15:19]} 53. Bf2 {[%clk 0:28:29]} Be7
{[%clk 0:14:19]} 54. Nb3 {[%clk 0:26:51]} Bd6 {[%clk 0:14:19]} 55. Na1
{[%clk 0:27:07]} Be7 {[%clk 0:13:36]} 56. Nc2 {[%clk 0:27:20]} Bd6
{[%clk 0:10:49]} 57. Ne1 {[%clk 0:27:25]} Be7 {[%clk 0:10:38]} 58. Nc2
{[%clk 0:27:41]} 1/2-1/2